| 000 | 00846nam a22002777a 4500 | ||
|---|---|---|---|
| 001 | 5551 | ||
| 003 | FISKH | ||
| 005 | 20241217124644.0 | ||
| 008 | 241217b cb ||||| |||| 00| 0 eng d | ||
| 020 | _a0590686917 | ||
| 040 |
_aFISKH _beng _cFISKH _dFISKH |
||
| 050 | _aQB631.L38 | ||
| 082 | _a525 | ||
| 100 | _aLauber, Patricia | ||
| 245 |
_aSeeing earth from space / _cby Patricia Lauber |
||
| 250 | _aFirst Scholastic printing , January 1996 | ||
| 260 |
_aNew York : _bScholastic ; _c1990. |
||
| 300 |
_a80 pages : _bcolor illustrations ; _c28 cm . |
||
| 505 | _aU | ||
| 520 | _aText and photographs taken from space depict the nature, evolution, and future of Earth. | ||
| 521 | 8 |
_a820
_bLexile estimate |
|
| 521 | 8 |
_aU
_bRaz-Plus |
|
| 650 |
_aastronomy _vscience nonfiction |
||
| 942 |
_2ddc _cBK _n0 |
||
| 999 |
_c5551 _d5551 |
||